| 000 | 00782cam a2200289I 4500 | ||
|---|---|---|---|
| 001 | 27488 | ||
| 003 | GBCCL | ||
| 005 | 20241126110431.0 | ||
| 008 | 761209s1956 xx 000 0 eng | ||
| 010 | _a 57023994 | ||
| 035 | _a(OCoLC)02609221 | ||
| 040 |
_aDLC _cTXR _dUIU |
||
| 049 | _aLBBK | ||
| 050 |
_aE173 _b.H5 1956 |
||
| 082 |
_a973 _bHEF |
||
| 092 |
_a973 _bH461 |
||
| 100 | 1 |
_aHeffner, Richard D. _eed. _95275 |
|
| 245 | 1 | 2 | _aA documentary history of the United States. |
| 250 | _aExpanded ed. | ||
| 260 |
_a[New York] _bNew American Library _c[1956] |
||
| 300 |
_a303 p. _c19 cm. |
||
| 490 | 0 | _aThe American heritage. | |
| 500 | _aA mentor book, MD78. | ||
| 504 | _aIncludes bibliography. | ||
| 651 | 0 |
_aUnited States _xHistory _xSources. _95276 |
|
| 942 |
_2ddc _cBK |
||
| 999 |
_c2530 _d2530 |
||